<?xml version="1.0" encoding="UTF-8"?><?xml-stylesheet type="text/xsl" href="static/style.xsl"?><OAI-PMH xmlns="http://www.openarchives.org/OAI/2.0/" xmlns:xsi="http://www.w3.org/2001/XMLSchema-instance" xsi:schemaLocation="http://www.openarchives.org/OAI/2.0/ http://www.openarchives.org/OAI/2.0/OAI-PMH.xsd"><responseDate>2026-04-17T22:15:48Z</responseDate><request verb="GetRecord" identifier="oai:www.recercat.cat:2072/406274" metadataPrefix="marc">https://recercat.cat/oai/request</request><GetRecord><record><header><identifier>oai:recercat.cat:2072/406274</identifier><datestamp>2025-02-03T12:37:05Z</datestamp><setSpec>com_2072_98</setSpec><setSpec>col_2072_378192</setSpec></header><metadata><record xmlns="http://www.loc.gov/MARC21/slim" xmlns:dcterms="http://purl.org/dc/terms/" xmlns:xsi="http://www.w3.org/2001/XMLSchema-instance" xmlns:doc="http://www.lyncode.com/xoai" xsi:schemaLocation="http://www.loc.gov/MARC21/slim http://www.loc.gov/standards/marcxml/schema/MARC21slim.xsd">
   <leader>00925njm 22002777a 4500</leader>
   <datafield ind2=" " ind1=" " tag="042">
      <subfield code="a">dc</subfield>
   </datafield>
   <datafield ind2=" " ind1=" " tag="720">
      <subfield code="a">Troncoso Pérez, Lelya Elena</subfield>
      <subfield code="e">author</subfield>
   </datafield>
   <datafield ind2=" " ind1=" " tag="720">
      <subfield code="a">Piper Shafir, Isabel</subfield>
      <subfield code="e">author</subfield>
   </datafield>
   <datafield ind2=" " ind1=" " tag="260">
      <subfield code="c">2015</subfield>
   </datafield>
   <datafield ind2=" " ind1=" " tag="520">
      <subfield code="a">En el presente ensayo reflexionamos críticamente en torno la relación entre memoria y género, tomando en cuenta aportes realizados desde diversas investigaciones, teorías y prácticas feministas. El potencial de ambas categorías analíticas radica en su uso crítico para pensar la realidad social, siendo importante no dar por sentado sus significados. Realizamos una revisión de la presencia de la noción de memoria en planteamientos feministas y de la incorporación del género en los estudios de la memoria, para luego considerar modos de generizar la memoria. Análisis feministas en torno a la noción de experiencia son de especial interés para repensar la relación entre género y memoria y los efectos de memorias generizadas particulares. Consideramos finalmente aportes críticos de planteamientos feministas-queer para concluir que la relación entre memoria y género tiene un potencial crítico enorme como práctica contra-hegemónica y de resistencia a formas de dominación cotidianas y naturalizadas.</subfield>
   </datafield>
   <datafield ind2=" " ind1=" " tag="520">
      <subfield code="a">In this essay we reflect critically about the relationship between memory and gender, from a perspective grounded in critical social psychology, feminist theories and memory studies. We review and critique the uses of the notion of memory in feminist approaches and of gender in memory studies. A critical analysis of gender and memory should focus on their joint and mutual constitution, emphasizing the gendered ways in which we remember. We consider it important to problematize uses of "Women's Memory" in essentialist and normalizing terms. The construction of gendered memories operates in a historically dynamic and complex analytical field, so that they may or may not be destabilizing depending on their uses, the intended use, and the historical moment in which they are invoked.</subfield>
   </datafield>
   <datafield tag="653" ind2=" " ind1=" ">
      <subfield code="a">Memoria</subfield>
   </datafield>
   <datafield tag="653" ind2=" " ind1=" ">
      <subfield code="a">Género</subfield>
   </datafield>
   <datafield tag="653" ind2=" " ind1=" ">
      <subfield code="a">Feminismos</subfield>
   </datafield>
   <datafield tag="653" ind2=" " ind1=" ">
      <subfield code="a">Experiencia</subfield>
   </datafield>
   <datafield tag="653" ind2=" " ind1=" ">
      <subfield code="a">Memory</subfield>
   </datafield>
   <datafield tag="653" ind2=" " ind1=" ">
      <subfield code="a">Gender</subfield>
   </datafield>
   <datafield tag="653" ind2=" " ind1=" ">
      <subfield code="a">Feminism</subfield>
   </datafield>
   <datafield tag="653" ind2=" " ind1=" ">
      <subfield code="a">Experience</subfield>
   </datafield>
   <datafield ind2="0" ind1="0" tag="245">
      <subfield code="a">Género y memoria : articulaciones críticas y feministas</subfield>
   </datafield>
</record></metadata></record></GetRecord></OAI-PMH>